[Event "Hvar op U15"]
[Site "Hvar"]
[Date "2017.10.01"]
[Round "5"]
[White "Delic, Mateo"]
[Black "Pejkovic, Andro"]
[Result "1-0"]
[WhiteElo "1282"]
[BlackElo "1244"]
[PlyCount "57"]
[EventDate "2017.09.29"]
[EventType "swiss"]
[EventRounds "5"]
[EventCountry "CRO"]
[SourceTitle "EXT 2019"]
[Source "ChessBase"]
[SourceDate "2018.10.10"]
[SourceVersion "1"]
[SourceVersionDate "2018.10.10"]
[SourceQuality "1"]

1. d4 d5 2. Bf4 e6 3. Nf3 Nd7 4. e3 a6 5. Bd3 c5 6. c3 c4 7. Bc2 Ngf6 8. b3 b5 9. a4 Bb7 10. Na3 Bxa3 11. Rxa3 Qe7 12. Ra2 h6 13. 0-0 Nh5 14. Be5 Nxe5 15. Nxe5 Qg5 16. Qf3 f5 17. h4 Qf6 18. Qxh5+ Ke7 19. axb5 axb5 20. Rxa8 Bxa8 21. Ng6+ Kd6 22. Nxh8 f4 23. Nf7+ Kc7 24. Qg6 Qxh4 25. Qxe6 g5 26. Qd6+ Kc8 27. Bf5+ Kb7 28. Nd8+ Ka7 29. Ra1# 1-0

[Event "Hvar op U15"]
[Site "Hvar"]
[Date "2017.09.29"]
[Round "1"]
[White "Tandara, Krizan"]
[Black "Pejkovic, Andro"]
[Result "0-1"]
[WhiteElo "1443"]
[BlackElo "1244"]
[PlyCount "72"]
[EventDate "2017.09.29"]
[EventType "swiss"]
[EventRounds "5"]
[EventCountry "CRO"]
[SourceTitle "EXT 2019"]
[Source "ChessBase"]
[SourceDate "2018.10.10"]
[SourceVersion "1"]
[SourceVersionDate "2018.10.10"]
[SourceQuality "1"]

1. d4 d5 2. c4 Nf6 3. Nc3 e6 4. e3 Bb4 5. Bd2 c5 6. a3 Bxc3 7. bxc3 Nbd7 8. cxd5 exd5 9. Bb5 a6 10. Bxd7+ Nxd7 11. Qf3 Nb6 12. dxc5 Nc4 13. e4 Nxd2 14. Qd3 Nxe4 15. c4 Nxc5 16. Qxd5 Qxd5 17. cxd5 Nd3+ 18. Kf1 0-0 19. Rd1 Bf5 20. g4 Be4 21. f3 Bxd5 22. Rxd3 Bc4 23. Ke2 Bxd3+ 24. Kxd3 Rad8+ 25. Ke2 Rfe8+ 26. Kf2 Rd3 27. Ne2 Rd2 28. Re1 b5 29. Kf1 Ra2 30. h3 Rxa3 31. Rc1 Rxf3+ 32. Kg2 Ra3 33. Nf4 g6 34. Nd5 Kg7 35. Nc7 Re2+ 36. Kf1 Rh2 0-1